000 00893nam a2200217 a 4500
008 090310s2005 ||||||||||||||||| || u
020 _a9780240806853
050 _aTK 7881.6 Bar
100 _aBartlett, Bruce
245 1 0 _aPractical recording techniques. -- 4th ed.
_cby Bruce Bartlett and Jenny Bartlett
250 _a4th ed.
260 _aLondon
_bElsevier
_c2005
300 _axxvii, 600p.: ill. + CD-ROM
350 _a0.00
500 _aAccompanied by 1 CD ROM. CD-ROM available in the Reference Office.
650 0 _aELECTRONICS
650 _aMAGNETIC RECORDERS AND RECORDING--HANDBOOKS, MANUALS, ETC
650 _aSOUND--RECORDING AND REPRODUCING HANDBOOKS, MANUALS, ETC
700 _aBartlett, Jenny
995 _D0.00
_FCBU-MAIN LIBRARY (Kitwe)
_H1
_I0.00
_M1
_UAVAILABLE
_WApr 20, 2009
_ZMain Library Open Access Collection
999 _c54296
_d54296